Multiculturalism and education / (Record no. 1070)

000 -LEADER
fixed length control field 01478cam a2200361 a 4500
001 - CONTROL NUMBER
control field 16359485
003 - CONTROL NUMBER IDENTIFIER
control field OSt
005 - DATE AND TIME OF LATEST TRANSACTION
control field 20140116120845.0
008 - FIXED-LENGTH DATA ELEMENTS--GENERAL INFORMATION
fixed length control field 100730s2011 enk b 001 0 eng
010 ## - LIBRARY OF CONGRESS CONTROL NUMBER
LC control number 2010030170
020 ## - INTERNATIONAL STANDARD BOOK NUMBER
International Standard Book Number 9781847060181 (pbk.)
020 ## - INTERNATIONAL STANDARD BOOK NUMBER
International Standard Book Number 1847060188 (pbk.)
020 ## - INTERNATIONAL STANDARD BOOK NUMBER
International Standard Book Number 9781441113269 (hc)
020 ## - INTERNATIONAL STANDARD BOOK NUMBER
International Standard Book Number 1441113266 (hc)
035 ## - SYSTEM CONTROL NUMBER
System control number (OCoLC)ocn466343642
040 ## - CATALOGING SOURCE
Original cataloging agency DLC
Transcribing agency DLC
Modifying agency YDX
-- BTCTA
-- YDXCP
-- SINIE
-- BWK
-- BWX
-- CDX
-- DLC
042 ## - AUTHENTICATION CODE
Authentication code pcc
050 00 - LIBRARY OF CONGRESS CALL NUMBER
Classification number LC191.8.G7R34 2011
082 00 - DEWEY DECIMAL CLASSIFICATION NUMBER
Classification number 370.117
Edition number 22
100 1# - MAIN ENTRY--PERSONAL NAME
Personal name Race, Richard.
245 10 - TITLE STATEMENT
Title Multiculturalism and education /
Statement of responsibility, etc Richard Race.
260 ## - PUBLICATION, DISTRIBUTION, ETC. (IMPRINT)
Place of publication, distribution, etc London ;
-- New York :
Name of publisher, distributor, etc Continuum,
Date of publication, distribution, etc c2011.
300 ## - PHYSICAL DESCRIPTION
Extent xii, 139 p. ;
Dimensions 24 cm.
490 0# - SERIES STATEMENT
Series statement Contemporary issues in education studies
504 ## - BIBLIOGRAPHY, ETC. NOTE
Bibliography, etc Includes bibliographical references and index.
505 ## - FORMATTED CONTENTS NOTE
Formatted contents note Introduction---Conceptual, social and education policy background---Is multiculturalism dead? Was Britain sleepwalking to segregation---Faith schools and multiculturalism----multiculturalism and education---the potential of citizenship when reflecting on multiculturalism and education
650 #0 - SUBJECT ADDED ENTRY--TOPICAL TERM
Topical term or geographic name as entry element Education
General subdivision Social aspects
Geographic subdivision Great Britain.
650 #0 - SUBJECT ADDED ENTRY--TOPICAL TERM
Topical term or geographic name as entry element Multiculturalism
Geographic subdivision Great Britain.
650 #0 - SUBJECT ADDED ENTRY--TOPICAL TERM
Topical term or geographic name as entry element Multicultural education
Geographic subdivision Great Britain.
906 ## - LOCAL DATA ELEMENT F, LDF (RLIN)
a 7
b cbc
c orignew
d 1
e ecip
f 20
g y-gencatlg
942 ## - ADDED ENTRY ELEMENTS (KOHA)
Source of classification or shelving scheme
Koha item type Book
Holdings
Withdrawn status Lost status Source of classification or shelving scheme Damaged status Not for loan Home library Current library Date acquired Total Checkouts Full call number Barcode Date last seen Copy number Price effective from Koha item type
          Riara University Library Riara University Library 07/12/2012   LC191.8 .G7R34 2011 3673/12 07/12/2012 C.1 07/12/2012 Book
          Riara University Library Riara University Library 07/12/2012   LC191.8 .G7R34 2011 3674/12 07/12/2012 C.2 07/12/2012 Book
          Riara University Library Riara University Library 07/12/2012   LC191.8 .G7R34 2011 3675/12 07/12/2012 C.3 07/12/2012 Book

Riara University Library,
P.O. Box 49940-00100,
Nairobi, Kenya.